Sistemas automáticos de control

Bibliographic Details
Main Author: Kuo, Benjamin C.
Format: Section = Libro
Language:Undetermined
Spanish
Published: México Continental 1991
Subjects:
LEADER 00467nam a2200181Ia 4500
008 240830s9999 xx 000 0 und d
020 |a 968-26-1139-3 
040 |a CEDOC FIQ-RUSB / 629.8 K96 
041 |a spa 
082 |a 629.8 K96 
100 1 |a Kuo, Benjamin C. 
245 1 0 |a Sistemas automáticos de control 
260 |a México  |b Continental  |c 1991 
300 |a 824 p. : il 
650 7 |a TECNICA DE CONTROL AUTOMATICO 
942 |c BK  |2 ddc 
991 |a TEXTO 
999 |c 14118